| 000 | 01243nam a22003377a 4500 | ||
|---|---|---|---|
| 003 | CHAP | ||
| 005 | 20220329133454.0 | ||
| 008 | 971013s1992 r 00010 d | ||
| 010 | _a6758 | ||
| 011 | _a7730 | ||
| 035 | _a6954 | ||
| 040 | _cCHAP | ||
| 090 | _aFolleto 14081 | ||
| 100 | 0 | 0 |
_aMend, Alex F. _974558 |
| 245 |
_aManaging scientific information in a small island nation _b: the Seychelles experience |
||
| 260 |
_aThe Hague : _bInternational Service for National Agricultural Research, _c1992 |
||
| 300 | _a24 p. | ||
| 490 |
_aInternational Service for National Agricultural Research. Study paper _v; 5 |
||
| 590 |
_aBATCH-UPD _b10 _c20130110 _lUCH01 _h0224 |
||
| 590 |
_aBATCH-UPD _b10 _c20130110 _lUCH01 _h1253 |
||
| 590 |
_aBATCH-UPD _b10 _c20130409 _lUCH01 _h2245 |
||
| 590 |
_aBATCH-UPD _b10 _c20130913 _lUCH01 _h2112 |
||
| 590 |
_aCONVERSION _b10 _c20130109 _lUCH01 _h1305 |
||
| 650 | 1 | 4 |
_aAgricultura _xInvestigación _xSeychelles. _91672 |
| 650 | 1 | 4 |
_aAgricultura _xServicios de información. _91791 |
| 700 | 0 |
_aBallantyne, Peter. _99715 |
|
| 830 | 0 |
_aInternational Service for National Agricultural Research. Study paper _v; 5 _959818 |
|
| 901 | _aBK | ||
| 942 | _cFOLL | ||
| 949 |
_aFolleto 14081 _bBC _cFOLL _d-16681 _eTS1 _i6954 _si |
||
| 999 |
_c6758 _d6758 |
||